000 00896nam a2200241 i 4500
001 130459
003 ES-MaACL
005 20230906193740.0
007 t|
008 070730s1985 sp ||||1| spa d
020 _a84-505-2642-6
100 1 _aZapatero, Juan Manuel.
_9118008
245 1 0 _aHistoria del castillo San Lorenzo el Real de Chagre /
_cJuan Manuel Zapatero.
260 _aMadrid :
_bMinisterio de Defensa, Servicio Histórico Militar : Ministerio de Obras Públicas y Urbanismo, CEHOPU,
_c1985.
300 _a298 p. :
_bil. ;
_c34 cm.
490 1 _aBiblioteca CEHOPU
650 1 4 _aFortificaciones-
_zPanamá-
_vHistoria.
_912936
710 1 _aEspaña.
_bServicio Histórico Militar.
_93980
710 2 _aComisión de Estudios Históricos de Obras Públicas.
_93017
830 0 _aBiblioteca CEHOPU
_9179233
852 _aES-MaACL
_jG-2213
_bR.111218
999 _c130459
_d130459